Programovanie a programovacie jazyky pre smer ASR

Bibliographic Details
Main Author: Okenka, Imrich, 1944- (Author)
Format: Book
Language:Slovak
PhysicalDescription:318 s. tab. 29 cm
Published: Nitra Vysoká škola poľnohospodárska 1978
Edition:2. preprac. vyd.
Subjects:

MARC

LEADER 00000cam a2200000 a 4500
001 vtls001114078
003 SK-MaSNL
005 20260302073254.0
008 250313s1978 xo a e n 000 0 slo
015 |a SNBA1978 
035 |a SNK000056921 
035 |a urn:nbn:sk:snk-amlc8l 
035 |a urn:nbn:sk:snk-am00910o 
035 |a C7444B05-E5A8-4366-A538-241730BB9B5D 
040 |a SNK  |b slo  |c SNK  |e AACR2 
041 0 |a slo 
044 |a xo  |c SK 
080 |a 519.68(075.8)  |2 1981 
100 1 |a Okenka, Imrich,  |d 1944-  |4 aut  |9 102952 
245 1 0 |a Programovanie a programovacie jazyky  |b pre smer ASR  |c Imrich Okenka 
250 |a 2. preprac. vyd. 
260 |a Nitra  |b Vysoká škola poľnohospodárska  |c 1978 
300 |a 318 s.  |b tab.  |c 29 cm 
366 |e 100 výt. 
504 |a Bibliogr. odkazy 
650 0 7 |a programovanie  |2 SNKPH  |9 22041 
650 0 7 |a programovacie jazyky  |2 SNKPH  |9 1838 
655 7 |a učebnice vysokých škôl  |2 SNKPH  |9 70191 
852 |a Slovenská národná knižnica 
958 |a OND 
958 |a RM 
958 |a UV 
958 |a NB 
999 |c 1160174  |d 1162104 
952 |a SNK  |b SNK  |y PREZ  |7 0  |p 17A0970917  |o snkSB 27330  |i snkKSP 6697/78  |0 0  |1 0  |4 0  |d 2014-08-04  |f 1  |l 0  |r 2025-04-02 00:00:00  |w 2026-02-24 
952 |a SNK  |b SNK  |y VYP  |7 0  |o snkSB 27330 D1  |i snkKSP 6698/78  |0 0  |1 0  |4 0  |d 2014-08-04  |l 0  |r 2026-02-24 20:30:36  |w 2026-02-24